MDQL
is popping MORE tags! Check the
thread
!
Quizzes
Events
Quiz Creation
Community
Videos
Private Events
Remove Ads
Sign In
Join for FREE
Feedback
Dark Mode
Quiz Categories
Sports
Geography
Music
Movies
Television
Just For Fun
Miscellaneous
History
Literature
Language
Science
Gaming
Entertainment
Religion
Holiday
For Kids
Quiz Lab
Recent
Popular Today
Quiz Kudos Today
Editor Picks
Curator Picks
Quizzes by...
Day
Popularity
Type
Ratings
Length
Year
Community
Subscriptions
Recent Discussions
Orange Saloon
Badges
Playlists
Quests
Create
Leaderboards
Showdown
Live 5
Trivia Bingo
Activity
Puzzle Library
Sporcle Events
Private Events
Virtual Trivia
Globe League
Become a Host
Pub Owners
SporcleCon
Opinionation
Our Games
Videos
Blog
Mobile Apps
Partnerships
Remove Ads and Go Orange
Feedback
History
US Presidents
World Leaders
Politics
Nation
Discovery
War
Decade
Year
Century
Biography
Art
History
US Presidents
World Leaders
Politics
Nation
Discovery
War
Decade
Year
Century
Biography
Art
Random Quiz
Search Sporcle
×
Editor Pick
Editor Pick
History
US Presidents
Type in answers that appear in a list
Type in answers that appear in a list
Classic
Best Score? Go Orange.
Are You Smarter Than a History Curator? Stats
Can you answer the questions from the History Curators in their respective subcategories?
By
jackaronson23
5m
12 Questions
5,047 Plays
5,047 Plays
5,047 Plays
Comments
Comments
Give Quiz Kudos
Give Quiz Kudos
-
- Ratings
hide this ad
Replay
Link that replays current quiz
Next Quiz
Link to next quiz in quiz playlist
You Got
0%
They Got
Avg Score
57%
Avg Friend Score
Upgrade to see
Score Distribution
Jump to the score distribution portion of the page
Score
0/12
Timer
05:00
2
Plays Today
Question
Answer
% Correct
Which decade is prefixed with the nickname 'Roaring' in North America?
1920s
90.1%
How many years did the Hundred Years' War last to the nearest decade?
120 (116)
73.5%
Although commonly associated with July 4th, on what day did the Continental Congress actually vote on the Declaration of Independence?
July 2nd
71.7%
Which biography of mathematician John Nash was made into a 2001 movie starring Russell Crowe?
A Beautiful Mind
71.7%
Idi Amin, who proclaimed himself to be the uncrowned King of Scotland, was the ruler of which nation?
Uganda
66.4%
Who discovered penicillin?
Alexander Fleming
61.6%
Roman general Scipio Africanus defeated which famous Carthaginian at the Battle of Zama in 202 B.C.?
Hannibal Barca
57.3%
In what year was the Great Fire of London?
1666
53.2%
What nickname is commonly used to refer to the painter Doménikos Theotokópoulos, born on the island of Crete but active in Toledo during the Spanish Renaissance?
El Greco
47.2%
Who was the only president to be born west of the Rocky Mountains in the contiguous United States?
Richard Nixon
43.5%
Name one of the two nations that declared independence from the Soviet Union on August 31, 1991.
Uzbekistan or Kyrgyzstan
39.4%
What is the oldest continuous democracy in Africa?
Botswana
17%
Quiz Playlist
Details
Report
Send in Message
Add To Playlist
Classic:
Type in answers that appear in a list
Last Updated: Jul 22, 2020
Editor Pick in
History
Quiz Scoreboard
CHALLENGE
Sign Up to Join the Scoreboard
Show All
Scores
Hide
Comments
May contain spoilers
Recently Published
1-10 Letter E Words III
by El_Dandy
Language
2m
Street Fighter Characters
by Artimus82
Gaming
60s
College Basketball Coaching Resumes
by pancakes188
Sports
9m
More to Explore
Quiz From the Vault
Featured Blog Post
Where Did the Easter Bunny Come From?
hide this ad
You Might Also Like...
Tags
Biography Quiz
Century Quiz
Decade Quiz
Discovery Quiz
Grab Bag Quiz
Nation Quiz
Politics Quiz
US Presidents Quiz
War Quiz
World Leaders Quiz
Year Quiz
Today's Top Quizzes in History
Browse History
hide this ad
Today's Top Quizzes in US Presidents
Browse US Presidents
Top Contributed Quizzes in History
1
Popular People in 1991
2
Popular People in 1981
3
Popular People in 1951
4
Popular People in 1941
5
Popular People in 1986
6
Popular People in 1976
7
Popular People in 1921
8
5-to-1: 20th Century Images of War
9
I Am Born On March 28th
10
Popular People in 1946
Explore More
Trending Topics
Harry Potter
Kpop
Crossword
Anime
Marvel
Disney
NBA
Puzzle
Country
Pokémon
NFL
The Office
Soccer
WWE
Song
hide this ad
More By:
jackaronson23
Quiz
Plays
Rating
Category
Featured
Created
NFL Reveal
98,356
4.23
Sports
Nov 21, 2022
Pick 6: Planets
95,909
4.56
Science
Dec 21, 2020
Pick 6: Sports
88,650
3.88
Sports
Dec 21, 2020
Pick 6: Flags
78,477
4.70
Geography
Dec 28, 2020
Pick 6: Logos
75,770
4.25
Miscellaneous
Feb 20, 2021
Go to Creator's Profile
Score Distribution
Quiz Creator Spotlight
jackaronson23
Follow
Send a Message
Quizzes Created
-
Created Quiz Play Count
-
More By This Creator
Popular Quizzes Today
1
Find the US States - No Outlines Minefield
2
Find the Countries of Europe - No Outlines Minefield
3
The Countries of the World
4
Find the US States
5
Risky Map Clicking: Biggest States A-Z
6
US States
7
Popular People in 1961
8
Movies - When Are They Set?
More History Quizzes
On This Day: September 11th
Published
Trending Quizzes
Risky Map Clicking: Least Populous States A-Z
Billboard Blitz: Aretha Franklin
1-10 Letter G Words
Countries of the World: 200 Million BC
1-10 Letter F Words
Recently Updated
Leaping Animals
pecheneg
Reality TV Shows (A-Z)
bhenderson79
Rickey Henderson's Hall of Fame Teammates
pecheneg
Champions League XIs: Arsenal
pecheneg
Quick Pick: Celebrities in WWE's Hall of Fame
aduchscher
A-Z Keypad Blitz II
pecheneg
Multiple Oscar Actors
pecheneg
Mystery Phrase Blitz: Oscar 'Best Actors'
pecheneg
F. Scott Fitzgerald Novels
LTH
Pick 3 Villains
ddd62291
Trending Topics
Harry Potter
Anime
Kpop
Marvel
Disney
NBA
Crossword
WWE
The Office
Country
Pokémon
Soccer
NFL
Song
Puzzle
Your Account Isn't Verified!
In order to create a playlist on Sporcle, you need to verify the email address you used during registration. Go to your
Sporcle Settings
to finish the process.
Report this User
Report this user for behavior that violates our
Community Guidelines
.
Details:
Send Report
Go to the Sporcle.com Mobile Site →
Comments